| 000 -LEADER |
| fixed length control field |
01349nam a2200253Ia 4500 |
| 001 - CONTROL NUMBER |
| control field |
23768 |
| 003 - CONTROL NUMBER IDENTIFIER |
| control field |
GE_BSU |
| 008 - FIXED-LENGTH DATA ELEMENTS--GENERAL INFORMATION |
| fixed length control field |
181216s||||||||xx |||||||||||||| ||und|| |
| 040 ## - CATALOGING SOURCE |
| Transcribing agency |
GE_BSU |
| 080 ## - UNIVERSAL DECIMAL CLASSIFICATION NUMBER |
| Universal Decimal Classification number |
94(100)"1914-1918" + 94(=353.1)(560) + 327(479.22:560) |
| 100 ## - MAIN ENTRY--PERSONAL NAME |
| Personal name |
სურგულაძე, აბელ. სურგულაძე, კახაბერ |
| 245 ## - TITLE STATEMENT |
| Title |
ქართული ლეგიონი თურქეთში |
| 245 ## - TITLE STATEMENT |
| Statement of responsibility, etc. |
რედ.: მალხაზ სიორიძე |
| 250 ## - EDITION STATEMENT |
| Edition statement |
ბათუმის სახ. უნ-ტი, საქ. ისტორიის კათედრა. |
| 260 ## - PUBLICATION, DISTRIBUTION, ETC. |
| Place of publication, distribution, etc. |
ბათუმი |
| 260 ## - PUBLICATION, DISTRIBUTION, ETC. |
| Name of publisher, distributor, etc. |
აჭარა |
| 260 ## - PUBLICATION, DISTRIBUTION, ETC. |
| Date of publication, distribution, etc. |
1994 |
| 300 ## - PHYSICAL DESCRIPTION |
| Extent |
48გვ. ; 16სმ. |
| 300 ## - PHYSICAL DESCRIPTION |
| Accompanying material |
ბიბლიოგრ. ტექსტის შენიშვნ.. |
| 653 ## - INDEX TERM--UNCONTROLLED |
| Uncontrolled term |
პირველი მსოფლიო ომი; ქართველები თურქეთში; "საქართველოს დამოუკიდებლობის კომიტეტი"; ქართული ლეგიონები თურქეთში; ქართული ლეგიონის ისტორია |
| 653 ## - INDEX TERM--UNCONTROLLED |
| Uncontrolled term |
ქართული ლეგიონი თურქეთში |
| 942 ## - ADDED ENTRY ELEMENTS (KOHA) |
| Koha item type |
წიგნი |